|
|
|
|
| LEADER |
01934nam a2200457 i 4500 |
| 001 |
EBC4348454 |
| 003 |
MiAaPQ |
| 005 |
20200520144314.0 |
| 006 |
m o d | |
| 007 |
cr cnu|||||||| |
| 008 |
160307t20092009gw o 000 0 ger d |
| 020 |
|
|
|z 9783899429985
|
| 020 |
|
|
|a 9783839409985 (e-book)
|
| 035 |
|
|
|a (MiAaPQ)EBC4348454
|
| 035 |
|
|
|a (Au-PeEL)EBL4348454
|
| 035 |
|
|
|a (CaPaEBR)ebr11160189
|
| 035 |
|
|
|a (CaONFJC)MIL905547
|
| 035 |
|
|
|a (OCoLC)941699824
|
| 040 |
|
|
|a MiAaPQ
|b eng
|e rda
|e pn
|c MiAaPQ
|d MiAaPQ
|
| 050 |
|
4 |
|a MT146
|b .S756 2009
|
| 082 |
0 |
|
|a 782.421649
|2 23
|
| 245 |
0 |
4 |
|a Die Stimme im HipHop :
|b Untersuchungen eines intermedialen Phanomens /
|c Fernand Horner, Oliver Kautny (Hg.) ; umschlaggestaltung Kordula Rockenhaus.
|
| 264 |
|
1 |
|a Bielefeld, [Germany] :
|b transcript,
|c 2009.
|
| 264 |
|
4 |
|c 2009
|
| 300 |
|
|
|a 1 online resource (205 pages).
|
| 336 |
|
|
|a text
|2 rdacontent
|
| 337 |
|
|
|a computer
|2 rdamedia
|
| 338 |
|
|
|a online resource
|2 rdacarrier
|
| 490 |
1 |
|
|a Studien zur Popularmusik
|
| 588 |
|
|
|a Description based on online resource; title from PDF title page (ebrary, viewed March 7, 2016).
|
| 590 |
|
|
|a Electronic reproduction. Ann Arbor, MI : ProQuest, 2016. Available via World Wide Web. Access may be limited to ProQuest affiliated libraries.
|
| 650 |
|
0 |
|a Hip-hop
|x Analysis, appreciation.
|
| 650 |
|
0 |
|a Rap (Music)
|x Analysis, appreciation.
|
| 655 |
|
4 |
|a Electronic books.
|
| 700 |
1 |
|
|a Horner, Fernand,
|e editor.
|
| 700 |
1 |
|
|a Kautny, Oliver,
|e editor.
|
| 700 |
1 |
|
|a Rockenhaus, Kordula,
|e book designer.
|
| 776 |
0 |
8 |
|i Print version:
|t Stimme im HipHop : Untersuchungen eines intermedialen Phanomens.
|d Bielefeld, [Germany] : transcript, c2009
|h 201 pages
|k Studien zur Popularmusik.
|z 9783899429985
|
| 797 |
2 |
|
|a ProQuest (Firm)
|
| 830 |
|
0 |
|a Studien zur Popularmusik.
|
| 856 |
4 |
0 |
|u https://ebookcentral.proquest.com/lib/matrademy/detail.action?docID=4348454
|z Click to View
|